00554nam a2200193 a 4500001001300000003000900013005001700022008004100039020002500080082001900105100002100124245005700145260005000202300000900252500003500261505002400296650001900320700002100339nice12345678IN_TiNIC20260116013102.0050524s1996 cama grp 000 0 eng  a0521960 c958.300a224.10609bSAW aSawyer, John F A aFifth Gospelb Isaiah in the History of Christianity aCambridge bCambridge University Press c1996 a281p aincludes index and biblioraphy2 aBibliography, Index aBible-Prophets1 aSawyer, John F A